=LDR 00000nam 2200000 4500 =001 INLIS000000000046641 =005 20150416121205.0 =006 =007 =008 =035 ##$$0010-041500000000123 =082 ##$$a 021.5 =090 ##$$a 021.5 war k 2 =100 ##$$a eka wardana =245 ##$$a ashabul ukhdud =260 ##$$a syaamil cipta ,edia =300 ##$$a 26 hlm. =850 ##$$a NPBMAT =990 ##$$a 0001/BPAP-NTB/20142015